000 00295nam a22001097a 4500
008 230620b xxu||||| |||| 00| 0 eng d
082 _a320.09
_bGER 1969
245 _aGovernment and Politics in Kenya
260 _aKenya
_bEast African Publishing House
_c1969
300 _aXV,611p
942 _2ddc
_cBK
999 _c1564
_d1564